|
|
|
|
| LEADER |
01018nam a22002537a 4500 |
| 001 |
28898 |
| 003 |
BD-DhAAL |
| 005 |
20150301104130.0 |
| 008 |
150301s2010 ii 000 0 eng d |
| 020 |
|
|
|a 9788190627139
|
| 040 |
|
|
|a BD-DhAAL
|c BD-DhAAL
|
| 041 |
|
|
|a eng
|
| 082 |
|
|
|2 19
|a 363.2/54
|
| 245 |
0 |
0 |
|a Wordsmiths:
|b the first city interviews 4; writers; selected interviews from first city august 1990 - december 2009 /
|c edited by Swaati Chattopadhyay & Shalini Mukerji
|
| 260 |
|
|
|a India :
|b First city publications,
|c 2010.
|
| 300 |
|
|
|a xv, 423 p. ;
|b 22 cm.
|
| 541 |
|
|
|e 28898
|
| 650 |
|
0 |
|a Interviews.
|9 8485
|
| 650 |
|
0 |
|a Interpersonal communication.
|9 8855
|
| 700 |
1 |
|
|a Chattopadhyay, Swaati.
|9 8856
|
| 700 |
1 |
|
|a Mukerji, Shalini.
|9 8857
|
| 942 |
|
|
|2 ddc
|c BK
|
| 999 |
|
|
|c 33824
|d 33824
|
| 952 |
|
|
|0 0
|1 0
|2 ddc
|4 0
|6 363_254000000000000_WOR
|7 0
|9 52810
|a BRACUL
|b BRACUL
|c GEN
|d 2015-03-01
|e BRAC Institute of Language (BIL)
|l 0
|o 363.254 WOR
|p 3010028898
|r 2015-03-01
|t 1
|w 2015-03-01
|y BK
|x Transferred from BIL to BRACUL on 06/06/22
|